000 00272nam a22001097a 4500
008 240710b |||||||| |||| 00| 0 eng d
100 _aKalchand, Amardinomal
_916771
245 _aPhoolan Muth
260 _aBombay:
_bLok Sewa Mandal;
_c1964.
300 _a201p.
942 _cBK
999 _c39898
_d39898